Toward the definition and measurement of the mental workload of transport pilots /

Bibliographic Details
Main Author: Sheridan, Thomas B.
Other Authors: Simpson, R. W.
Format: Book
Language:English
Published: Cambridge : Massachusetts Institute of Technology, Dept. of Aeronautics and Astronautics, Flight Transportation Laboratory, 1979.
Series:FTL report ; no. 79-4.
Subjects:

MARC

Tag First Indicator Second Indicator Subfields
LEADER 00000cam a2200000 i 4500
001 in00001041721
005 20150928155119.0
008 800623s1979 maua b f00010 eng d
035 |a (OCoLC)06449797 
035 |9 AFJ4160AM 
040 |a MYG  |c MYG  |d TXA  |d UtOrBLW 
049 1 |a TXA2 
090 |a HE9813  |b .M4 no. 79-4 
100 1 |a Sheridan, Thomas B. 
245 1 0 |a Toward the definition and measurement of the mental workload of transport pilots /  |c T. B. Sheridan and R. W. Simpson. 
264 1 |a Cambridge :  |b Massachusetts Institute of Technology, Dept. of Aeronautics and Astronautics, Flight Transportation Laboratory,  |c 1979. 
300 |a iv, 72 pages :  |b illustrations ;  |c 28 cm. 
336 |a text  |b txt  |2 rdacontent 
337 |a unmediated  |b n  |2 rdamedia 
338 |a volume  |b nc  |2 rdacarrier 
490 1 |a FTL report ;  |v 79-4 
500 |a Contract DOT-OS-70055. 
504 |a Bibliography: pages 69-72. 
650 0 |a Aeronautics, Commercial. 
650 0 |a Air pilots. 
650 0 |a Stress (Psychology) 
700 1 |a Simpson, R. W. 
830 0 |a FTL report ;  |v no. 79-4. 
999 |a MARS 
999 f f |s 5a162fdc-8667-3eda-b178-a2ade56b6485  |i 86ae8074-8074-3b82-b49d-07bab954610e  |t 0 
952 f f |p ric  |a Texas A&M University  |b Rellis Campus  |c Joint Library Facility  |d Remote Storage  |t 0  |e HE9813 .M4 no.79-4  |h Library of Congress classification  |i unmediated -- volume  |m A14811437372 
998 f f |a HE9813 .M4 no.79-4  |t 0  |l Remote Storage